Score 0/18 Timer 02:00
2 Plays Today
Hint 4-Letter Word % Correct
Response to 'Marco!'POLO
95.7%
• Drummer's big moment •SOLO
95.3%
• ___ out show •SOLD
94.8%
• Music genre •🎸 ROCK 🎸
94.8%
007BOND
94.5%
Superior at workBOSS
94.5%
• Album that sells 500,000 units •GOLD
94.4%
• Disdainful audience sounds •BOOS
94.3%
• Backstage ___PASS
94.2%
Hint 4-Letter Word % Correct
• Plucked instrument •BASS
93.2%
• Reserve a venue •BOOK
92.9%
El ___, city on the Rio GrandePASO
92%
___ Alto, city part of Silicon ValleyPALO
91.7%
Knight's neighborROOK
90.1%
• Music group •🎸 BAND 🎸
88.9%
Better than averageGOOD
88.9%
Bid a ___ farewell toFOND
88.3%
Daily intakeFOOD
85.8%

Today's Daily Dose

Remove Ads.
Support Sporcle.
Get the best of Sporcle when you Go Orange. This ad-free experience offers more features, more stats, and more fun while also helping to support Sporcle. Thank you for becoming a member.

You're not logged in!

Compare scores with friends on all Sporcle quizzes.
OR
Log In

Show Comments

Extras

Top Quizzes Today


Score Distribution

Your Account Isn't Verified!

In order to create a playlist on Sporcle, you need to verify the email address you used during registration. Go to your Sporcle Settings to finish the process.

Report this User

Report this user for behavior that violates our Community Guidelines.

Details: